000 00687nam a2200289Ia 4500
005 20260324143933.0
008 008 260324s9999 xx 000 0 eng d
020 _a9781032623559
037 _aEBOOK
040 _aCRL
040 _beng
040 _cCRL
041 _2eng
041 _aeng
084 _qCRL
100 _aMichael Hobday
_91217475
245 0 _aTelecommunications in Developing Countries
245 4 _bThe Challenge from Brazil
260 _bTaylor and Francis
260 _c1990
365 _a
365 _b160
856 _uhttp://www.taylorfrancis.com/books/9781032623559
942 _cEBOOK
999 _c1823478
_d1823478